Professionals under pressure (Record no. 71779)

MARC details
000 -LEADER
fixed length control field 00886cam a2200217 4500
001 - CONTROL NUMBER
control field ABS66301
008 - FIXED-LENGTH DATA ELEMENTS--GENERAL INFORMATION
fixed length control field 021217n2002 000 0 eng u
035 ## - SYSTEM CONTROL NUMBER
System control number (Sirsi) u120793
100 ## - MAIN ENTRY--PERSONAL NAME
Personal name Hamson, L
245 ## - TITLE STATEMENT
Title Professionals under pressure
260 ## - PUBLICATION, DISTRIBUTION, ETC.
Date of publication, distribution, etc. 2002
490 ## - SERIES STATEMENT
Series statement Property Week
Volume/sequential designation 43(66) 15 November 2002, 36-39(3)
520 ## - SUMMARY, ETC.
Summary, etc. Report on the position of surveyors, as their professional ethics are being re-examined, and the market for rent reviews is diminishing. Their integrity and guaranteed fee income is waning. The decline in the need for rent reviewing, due to plummeting rents, may mean large job losses, and advises firms to prepare for the future.
590 ## - LOCAL NOTE (RLIN)
Local note ABS
650 ## - SUBJECT ADDED ENTRY--TOPICAL TERM
Topical term or geographic name entry element PROFESSIONAL ETHICS
650 ## - SUBJECT ADDED ENTRY--TOPICAL TERM
Topical term or geographic name entry element ETHICS
650 ## - SUBJECT ADDED ENTRY--TOPICAL TERM
Topical term or geographic name entry element CORPORATE GOVERNANCE
650 ## - SUBJECT ADDED ENTRY--TOPICAL TERM
Topical term or geographic name entry element RENT REVIEWS
690 ## - LOCAL SUBJECT ADDED ENTRY--TOPICAL TERM (OCLC, RLIN)
Topical term or geographic name as entry element PROPERTY-PROPERTY APPRAISAL AND VALUATION
942 ## - ADDED ENTRY ELEMENTS (KOHA)
Suppress in OPAC 0
Holdings
Withdrawn status Lost status Source of classification or shelving scheme Damaged status Not for loan Home library Current library Shelving location Date acquired Total Checkouts Full call number Barcode Date last seen Copy number Price effective from Koha item type
    Dewey Decimal Classification     London London Journal article 17/12/2002   ABS66301 120793-1001 06/08/2019 1 06/08/2019 Journal article